5HLuxD.jpg

KING HENRY VIII SENIOR AND PRIMARY SCHOOL LIBRARY OPAC

The 143-story treehouse / (Record no. 3865)

000 -LEADER
fixed length control field 01791cam a2200325 i 4500
001 - CONTROL NUMBER
control field 431878
003 - CONTROL NUMBER IDENTIFIER
control field OSt
005 - DATE AND TIME OF LATEST TRANSACTION
control field 20241112111751.0
008 - FIXED-LENGTH DATA ELEMENTS--GENERAL INFORMATION
fixed length control field 240717t20222021enka j 000 1 eng d
020 ## - INTERNATIONAL STANDARD BOOK NUMBER
International Standard Book Number 9781035033553
Qualifying information (pbk.) :
035 ## - SYSTEM CONTROL NUMBER
System control number (OCoLC)1334494548
040 ## - CATALOGING SOURCE
Original cataloging agency 臺東縣政府文化處
Language of cataloging eng
Transcribing agency 臺東縣政府文化處
Description conventions AACR2
Modifying agency KH8
041 0# - LANGUAGE CODE
Language code of text/sound track or separate title eng
042 ## - AUTHENTICATION CODE
Authentication code nbic
082 0# - DEWEY DECIMAL CLASSIFICATION NUMBER
Classification number 823.92 GRI
100 1# - MAIN ENTRY--PERSONAL NAME
Personal name Griffiths, Andy,
Dates associated with a name 1961-
Relator term aut.
245 14 - TITLE STATEMENT
Title The 143-story treehouse /
Statement of responsibility, etc. by Andy Griffiths & Terry Denton.
246 3# - VARYING FORM OF TITLE
Title proper/short title One hundred forty-three story treehouse.
260 ## - PUBLICATION, DISTRIBUTION, ETC.
Place of publication, distribution, etc. London :
Name of publisher, distributor, etc. Macmillan Children's Books,
Date of publication, distribution, etc. 2022, c2021.
300 ## - PHYSICAL DESCRIPTION
Extent 291 p. :
Other physical details ill. ;
Dimensions 20 cm.
500 ## - GENERAL NOTE
General note "Camping trip chaos!"--Cover.
500 ## - GENERAL NOTE
General note First published as The 143-Storey Treehouse in Australia by Pan Macmillan Australia Pty Ltd.
520 ## - SUMMARY, ETC.
Summary, etc. "Andy and Terry live in a 143-story treehouse. (It used to be a 130-story treehouse, but they built another thirteen stories.) Andy's been a bit stressed out lately, so Terry decides the perfect way to relax would be to head up to their new camping ground level for a much-needed vacation. But it turns out to be not quite as relaxing as planned. Terry forgets to pack the tent and the food, their attempt at fishing ends in disaster, the spooky campfire stories are a little too spooky and then, to make matters worse, all of Andy's fellow campers start mysteriously disappearing. Can Andy brave the dark, dark woods and rescue them in time to finish writing their next book?"--Provided by publisher.
650 #0 - SUBJECT ADDED ENTRY--TOPICAL TERM
Topical term or geographic name entry element Tree houses
Form subdivision Juvenile fiction.
650 #0 - SUBJECT ADDED ENTRY--TOPICAL TERM
Topical term or geographic name entry element Imagination
Form subdivision Juvenile fiction.
650 #0 - SUBJECT ADDED ENTRY--TOPICAL TERM
Topical term or geographic name entry element Camping
Form subdivision Juvenile fiction.
650 #0 - SUBJECT ADDED ENTRY--TOPICAL TERM
Topical term or geographic name entry element Humorous stories.
700 1# - ADDED ENTRY--PERSONAL NAME
Personal name Denton, Terry,
Relator term ill.
942 ## - ADDED ENTRY ELEMENTS (KOHA)
Source of classification or shelving scheme
Koha item type Books - Fiction
Holdings
Withdrawn status Lost status Source of classification or shelving scheme Damaged status Not for loan Collection code Permanent Location Current Location Shelving location Date acquired Full call number Barcode Date last seen Price effective from Koha item type Total Checkouts Date last checked out Public note
          Fiction KH8 Primary School Library KH8 Primary School Library Fiction 2024-11-12 823.92 GRI KHPL000004571 2025-12-05 2024-11-12 Books - Fiction      
          Fiction KH8 Primary School Library KH8 Primary School Library Fiction 2025-08-27 823.92 GRI KHPL000007652 2026-01-28 2025-08-27 Books - Fiction 6 2026-01-08 KH8 PRIMARY LIBRARY
          Fiction KH8 Primary School Library KH8 Primary School Library Fiction 2025-08-27 823.92 GRI KHPL000007653 2026-02-09 2025-08-27 Books - Fiction 4 2025-10-27 KH8 PRIMARY LIBRARY

Powered By KH8 IT Dept